000 00520nam a22001697a 4500
005 20251108164336.0
008 250721s1936 xx 000 0 ara d
082 1 4 _a921.9/ميم
100 1 _aولفنسون، إسرائيل
245 1 0 _aموسى بن ميمون :
_bحياته ومصنفاته /
264 1 _aالقاهرة :
_bلجنة التأليف والترجمة،
_c1936.
300 _a177 ص
650 1 7 _aالتراجم
650 1 7 _aالفلسفة اليهودية
942 _2ddc
_cBK
999 _c9810
_d9810